| 000 | 00633nam a2200181 i 4500 | ||
|---|---|---|---|
| 001 | 74416 | ||
| 003 | ES-MaACL | ||
| 005 | 20230906172127.0 | ||
| 007 | t| | ||
| 008 | 040917s1964 sp ||||1| spa d | ||
| 100 | 1 |
_aGonzález Hernández, Vicente. _958707 |
|
| 245 | 1 | 0 |
_aEstudio y valoración de materias cooperativas / _cVicente González Hernández. |
| 260 |
_aZaragoza : _b[s.n., _c1964] ( _fLa editorial) |
||
| 300 |
_a218 p. ; _c21 cm. |
||
| 500 | _aPrecede al ti.: Escuela de Gerentes de Cooperativas de Zaragoza. | ||
| 710 | 2 |
_aEscuela de Gerentes de Cooperativas de Zaragoza. _93545 |
|
| 852 |
_aES-MaACL _jC-28130 _bR.56727 |
||
| 999 |
_c74416 _d74416 |
||